[Event "Perth Metro CC-chA"]
[Site "Perth"]
[Date "2006.04.27"]
[Round "11"]
[White "Haasse, Adam"]
[Black "Kuklinski, A."]
[Result "1-0"]
[WhiteElo "2021"]
[BlackElo "1939"]
[PlyCount "63"]
[EventDate "2006.02.02"]
[EventType "tourn"]
[EventRounds "11"]
[EventCountry "AUS"]
[SourceTitle "EXT 2010"]
[Source "ChessBase"]
[SourceDate "2010.11.25"]
[SourceVersion "1"]
[SourceVersionDate "2010.11.25"]
[SourceQuality "1"]

1. e4 c5 2. Nf3 a6 3. d4 cxd4 4. Nxd4 e5 5. Nb3 Nc6 6. Be2 h6 7. 0-0 Nf6 8. Bf3 d6 9. Nc3 Be6 10. Nd5 Bxd5 11. exd5 Ne7 12. Qd3 g6 13. c4 Bg7 14. Bd2 b6 15. Bc3 0-0 16. Be2 g5 17. Rac1 Nd7 18. g3 f5 19. f4 Nc5 20. Nxc5 bxc5 21. fxe5 dxe5 22. d6 Ng6 23. Rxf5 Rxf5 24. Qxf5 Qxd6 25. Rd1 Ne7 26. Qe4 Qc6 27. Bf3 Qxe4 28. Bxe4 Ra7 29. Rd6 Kf7 30. Ba5 Ke8 31. Rd8+ Kf7 32. Bb6 1-0

[Event "Perth Metro CC-chA"]
[Site "Perth"]
[Date "2006.04.06"]
[Round "9"]
[White "Kuklinski, A."]
[Black "Fedec, John"]
[Result "1-0"]
[WhiteElo "1939"]
[BlackElo "1883"]
[PlyCount "125"]
[EventDate "2006.02.02"]
[EventType "tourn"]
[EventRounds "11"]
[EventCountry "AUS"]
[SourceTitle "EXT 2010"]
[Source "ChessBase"]
[SourceDate "2010.11.25"]
[SourceVersion "1"]
[SourceVersionDate "2010.11.25"]
[SourceQuality "1"]

1. e4 c5 2. Nf3 d6 3. c4 Bg4 4. d3 Nc6 5. Be2 g6 6. Nbd2 Bg7 7. 0-0 Nf6 8. Rb1 0-0 9. h3 Bd7 10. Re1 Ne8 11. Nf1 Nc7 12. Bd2 Ne6 13. Qc1 a6 14. Bh6 b5 15. Bxg7 Kxg7 16. Ne3 Ned4 17. Nc2 Ne6 18. Bf1 Qc7 19. Qe3 Rad8 20. cxb5 axb5 21. d4 cxd4 22. Ncxd4 Ncxd4 23. Nxd4 Qb7 24. Nxe6+ Bxe6 25. Qd4+ Kg8 26. a3 Rc8 27. Rbc1 Rfd8 28. Qb4 Rb8 29. Rc3 Rdc8 30. Rec1 Bc4 31. Bxc4 Rxc4 32. Rxc4 bxc4 33. Rxc4 Qxb4 34. axb4 Kg7 35. f4 f5 36. Kf2 fxe4 37. Rxe4 Kf6 38. Ke3 d5 39. Rd4 e5 40. fxe5+ Kxe5 41. Kd3 h6 42. Rg4 g5 43. g3 Rf8 44. b5 Rf3+ 45. Kc2 Kd6 46. b4 Kc7 47. h4 Rf5 48. hxg5 hxg5 49. Kb3 Kb6 50. Ka4 Re5 51. Rd4 Rf5 52. g4 Re5 53. Rd2 Kb7 54. Ka5 Re8 55. b6 Ra8+ 56. Kb5 Ra6 57. Rxd5 Rxb6+ 58. Kc5 Rc6+ 59. Kd4 Rb6 60. b5 Rg6 61. Ke4 Kb6 62. Kf5 Rg8 63. Kf6 1-0

[Event "Perth Metro CC-chA"]
[Site "Perth"]
[Date "2006.02.16"]
[Round "3"]
[White "Kuklinski, A."]
[Black "Lilly, Richard"]
[Result "1-0"]
[WhiteElo "1939"]
[BlackElo "1851"]
[PlyCount "41"]
[EventDate "2006.02.02"]
[EventType "tourn"]
[EventRounds "11"]
[EventCountry "AUS"]
[SourceTitle "EXT 2010"]
[Source "ChessBase"]
[SourceDate "2010.11.25"]
[SourceVersion "1"]
[SourceVersionDate "2010.11.25"]
[SourceQuality "1"]

1. e4 e6 2. d4 d5 3. Nd2 dxe4 4. Nxe4 Nd7 5. Bd3 Ngf6 6. Qe2 Nxe4 7. Bxe4 Nf6 8. Bxb7 Rb8 9. Bxc8 Qxc8 10. Nf3 Bd6 11. 0-0 0-0 12. c3 c5 13. dxc5 Qxc5 14. Re1 Qh5 15. Ne5 Qh4 16. h3 Rfc8 17. Nxf7 Bc5 18. Ng5 Rb6 19. Nf3 Qh5 20. b4 Bd6 21. Qxe6+ 1-0

[Event "Perth Metro CC-chA"]
[Site "Perth"]
[Date "2006.02.02"]
[Round "1"]
[White "Kuklinski, A."]
[Black "Ellis, David"]
[Result "1/2-1/2"]
[WhiteElo "1939"]
[BlackElo "1957"]
[PlyCount "58"]
[EventDate "2006.02.02"]
[EventType "tourn"]
[EventRounds "11"]
[EventCountry "AUS"]
[SourceTitle "EXT 2010"]
[Source "ChessBase"]
[SourceDate "2010.11.25"]
[SourceVersion "1"]
[SourceVersionDate "2010.11.25"]
[SourceQuality "1"]

1. e4 Nc6 2. Nf3 e6 3. d4 d5 4. e5 f6 5. c3 fxe5 6. dxe5 g6 7. Bg5 Qd7 8. Bb5 Bg7 9. Qa4 a6 10. Nd4 axb5 11. Qxa8 Nxe5 12. 0-0 Ne7 13. Bxe7 Kxe7 14. Re1 c5 15. f4 cxd4 16. fxe5 dxc3 17. Qa3+ Ke8 18. Nxc3 Qc6 19. Rac1 Qb6+ 20. Kh1 Bd7 21. Qb4 Bf8 22. Qg4 Bh6 23. Rcd1 Bg7 24. a4 b4 25. Nb5 Bxb5 26. axb5 Rf8 27. Qxb4 Rf5 28. Ra1 Bxe5 29. Rf1 Qd6 1/2-1/2